Statistics for Stranger Things Franchise

Click here to take the quiz!

General Stats

  • This quiz has been taken 59 times
  • The average score is 6 of 19

Answer Stats

TypeYearNameInfo% Correct
Web Series2016-PresentStranger ThingsNetflix
92%
Comic Book2019Stranger ThingsDark Horse Comics
92%
Video GameTBAStranger ThingsNext Games
92%
Video GameTBAStranger ThingsSony Interactive
92%
Video Game2017Stranger Things: The GameBonusXP
92%
Aftershow2017Beyond Stranger ThingsNetflix
28%
Video Game2019Stranger Things 3: The GameBonusXP
20%
Toy Set2019The Upside DownLego
16%
Novel2019Stranger Things: Runaway MaxBrenna Yovanoff
10%
Novel2019Stranger Things: Darkness on the Edge of Town: The Second Official NovelAdam Christopher
8%
Novel2019Stranger Things: Suspicious MindsGwenda Bond
8%
Comic Mini-Series2019Stranger Things: SIXDark Horse Comics
4%
Graphic Novel2020Stranger Things: Zombie BoysGreg Pak
2%
Book2019Will Byers: Secret FilesMatthew J. Gilbert
2%
Book2019Hawkins Middle School Yearbook/Hawkins High School YearbookMatthew J. Gilbert
0%
Book2018How to Survive in a Stranger Things WorldMatthew J. Gilbert
0%
Comic Mini-Series2018-2019Stranger Things: The Other SideDark Horse Comics
0%
Book2018Stranger Things: Worlds Turned Upside Down: The Official Behind-the-Scenes CompanionGina McIntyre
0%
Book2019Visions from the Upside Down: Stranger Things ArtbookNetflix
0%

Score Distribution

Percentile by Number Answered

Percent of People with Each Score

Your Score History

You have not taken this quiz